[Event "San Francisco TNM Winter op"]
[Site "San Francisco"]
[Date "2017.01.10"]
[Round "2"]
[White "Traub, Igor Vladimirovich"]
[Black "Handler, Andrew Todd"]
[Result "1-0"]
[WhiteElo "2096"]
[BlackElo "1758"]
[PlyCount "61"]
[EventDate "2017.01.03"]
[EventType "swiss"]
[EventRounds "8"]
[EventCountry "USA"]
[SourceTitle "EXT 2018"]
[Source "ChessBase"]
[SourceDate "2017.10.13"]
[SourceVersion "1"]
[SourceVersionDate "2017.10.13"]
[SourceQuality "1"]

1. Nf3 f5 2. g3 Nf6 3. Bg2 e6 4. 0-0 Be7 5. c4 0-0 6. Nc3 d6 7. d4 a5 8. Qc2 Nc6 9. a3 e5 10. dxe5 dxe5 11. Rd1 Qe8 12. Nb5 Bd8 13. b3 Qh5 14. h4 Ne4 15. Bb2 Qe8 16. Rxd8 Qxd8 17. Nxe5 Nxe5 18. Bxe5 c6 19. Nc7 Ra7 20. Bxe4 fxe4 21. Qxe4 Bf5 22. Qe3 Ra8 23. Nxa8 Qxa8 24. Qg5 g6 25. e4 Bxe4 26. Re1 Bf3 27. Bc3 Re8 28. Rxe8+ Qxe8 29. Qf6 Qf8 30. Qh8+ Kf7 31. Qxh7+ 1-0

[Event "San Francisco TNM Fall op"]
[Site "San Francisco"]
[Date "2016.11.29"]
[Round "7"]
[White "Steigum, Erling"]
[Black "Handler, Andrew Todd"]
[Result "1-0"]
[WhiteElo "1916"]
[BlackElo "1701"]
[PlyCount "43"]
[EventDate "2016.10.18"]
[EventType "swiss"]
[EventRounds "9"]
[EventCountry "USA"]
[SourceTitle "EXT 2018"]
[Source "ChessBase"]
[SourceDate "2017.10.13"]
[SourceVersion "1"]
[SourceVersionDate "2017.10.13"]
[SourceQuality "1"]

1. d4 e6 2. c4 f5 3. Bf4 Nf6 4. Nc3 Bb4 5. e3 Bxc3+ 6. bxc3 d6 7. Bd3 0-0 8. Nf3 Qe8 9. Bg3 Nc6 10. Qc2 Qg6 11. 0-0 Ne4 12. Nh4 Qf6 13. Bxe4 fxe4 14. Qxe4 e5 15. f4 exf4 16. Rxf4 Qd8 17. Rxf8+ Qxf8 18. Rf1 Qd8 19. Qd5+ Kh8 20. Nf3 Qg8 21. Ng5 Qxd5 22. Rf8+ 1-0

[Event "San Francisco Benson Memorial"]
[Site "San Francisco"]
[Date "2016.09.20"]
[Round "8"]
[White "Kondakov, Adrian"]
[Black "Handler, Andrew Todd"]
[Result "1-0"]
[WhiteElo "1946"]
[BlackElo "1701"]
[PlyCount "79"]
[EventDate "2016.08.02"]
[EventType "swiss"]
[EventRounds "9"]
[EventCountry "USA"]
[SourceTitle "EXT 2018"]
[Source "ChessBase"]
[SourceDate "2017.10.13"]
[SourceVersion "1"]
[SourceVersionDate "2017.10.13"]
[SourceQuality "1"]

1. e4 c5 2. b3 Nc6 3. Bb2 e5 4. Bc4 Nf6 5. d3 d6 6. Ne2 Be7 7. Nbc3 a6 8. a4 Be6 9. 0-0 0-0 10. h3 Nd4 11. f4 Rb8 12. fxe5 dxe5 13. a5 Bxc4 14. bxc4 b5 15. axb6 Qxb6 16. Bc1 h6 17. Nd5 Nxd5 18. exd5 Qg6 19. Nxd4 exd4 20. Qg4 Qxg4 21. hxg4 Ra8 22. Ra5 Bd6 23. Ba3 Rfc8 24. Ra1 Kf8 25. Kf2 Ke7 26. Bc1 Kf6 27. Rxa6 Rxa6 28. Rxa6 Ke5 29. Kf3 g5 30. Ra7 f5 31. Rf7 Rf8 32. Rxf8 Bxf8 33. Bd2 Bd6 34. c3 Bf8 35. gxf5 Kxf5 36. cxd4 cxd4 37. g4+ Kf6 38. Ke4 Bc5 39. Ba5 Ba7 40. Bb4 1-0

[Event "San Francisco Benson Memorial"]
[Site "San Francisco"]
[Date "2016.09.13"]
[Round "7"]
[White "Handler, Andrew Todd"]
[Black "Poling, Scott"]
[Result "1-0"]
[WhiteElo "1701"]
[BlackElo "1918"]
[PlyCount "59"]
[EventDate "2016.08.02"]
[EventType "swiss"]
[EventRounds "9"]
[EventCountry "USA"]
[SourceTitle "EXT 2018"]
[Source "ChessBase"]
[SourceDate "2017.10.13"]
[SourceVersion "1"]
[SourceVersionDate "2017.10.13"]
[SourceQuality "1"]

1. e4 c5 2. Nc3 a6 3. Nge2 b5 4. d4 cxd4 5. Nxd4 Bb7 6. Bd3 e6 7. 0-0 Qc7 8. Qe2 Bc5 9. Nb3 Be7 10. f4 Nf6 11. a3 d6 12. Bd2 Nbd7 13. Rae1 0-0 14. e5 dxe5 15. fxe5 Nd5 16. Nxd5 Bxd5 17. Bc3 Nc5 18. Nxc5 Bxc5+ 19. Kh1 Bxa3 20. Qh5 g6 21. Qh6 Bc5 22. Rf4 f5 23. exf6 Rf7 24. Rg4 Bf8 25. Qg5 b4 26. Be5 Qb7 27. Bxg6 hxg6 28. Qxg6+ Bg7 29. fxg7 Rf2 30. Rh4 1-0

[Event "San Francisco TNM Summer op"]
[Site "San Francisco"]
[Date "2016.07.12"]
[Round "8"]
[White "Handler, Andrew Todd"]
[Black "Babayan, Gagik"]
[Result "0-1"]
[WhiteElo "1712"]
[BlackElo "1861"]
[PlyCount "67"]
[EventDate "2016.05.24"]
[EventType "swiss"]
[EventRounds "8"]
[EventCountry "USA"]
[SourceTitle "EXT 2018"]
[Source "ChessBase"]
[SourceDate "2017.10.13"]
[SourceVersion "1"]
[SourceVersionDate "2017.10.13"]
[SourceQuality "1"]

1. e4 d5 2. exd5 Nf6 3. d4 Nxd5 4. Nf3 Bf5 5. a3 a5 6. c4 Nf6 7. Nc3 e6 8. Be2 Be7 9. 0-0 h6 10. Ne5 Nbd7 11. Bf4 c6 12. h3 Nxe5 13. Bxe5 0-0 14. Qb3 Qc8 15. Na4 Nd7 16. Nb6 Nxb6 17. Qxb6 Bd8 18. Qb3 Bc7 19. Qg3 Bxe5 20. Qxe5 Rd8 21. Bf3 Qb8 22. Qe3 Qd6 23. Rfd1 Rac8 24. Be4 Bxe4 25. Qxe4 b5 26. b3 bxc4 27. bxc4 Rb8 28. Rd3 a4 29. f4 Rb3 30. c5 Qd7 31. Rad1 Rdb8 32. d5 Rxd3 33. Rxd3 cxd5 34. Qxa4 0-1

[Event "San Francisco TNM Summer op"]
[Site "San Francisco"]
[Date "2016.06.14"]
[Round "4"]
[White "Kondakov, Adrian"]
[Black "Handler, Andrew Todd"]
[Result "1-0"]
[WhiteElo "1854"]
[BlackElo "1712"]
[PlyCount "115"]
[EventDate "2016.05.24"]
[EventType "swiss"]
[EventRounds "8"]
[EventCountry "USA"]
[SourceTitle "EXT 2018"]
[Source "ChessBase"]
[SourceDate "2017.10.13"]
[SourceVersion "1"]
[SourceVersionDate "2017.10.13"]
[SourceQuality "1"]

1. e4 c5 2. b3 Nc6 3. Bb2 e5 4. Bb5 d6 5. Nf3 a6 6. Bxc6+ bxc6 7. 0-0 Nf6 8. d3 Be7 9. Nbd2 0-0 10. Nc4 Nd7 11. Qd2 f5 12. exf5 Rxf5 13. Ne3 Rh5 14. Rfe1 Nf6 15. Nf1 Nd5 16. Ng3 Rh6 17. Bc1 Nf4 18. Qd1 Bg4 19. h3 Bd7 20. Ne2 Nxe2+ 21. Qxe2 Rg6 22. Kh2 Bf6 23. Rb1 Qf8 24. Be3 Be6 25. Nd2 Bd5 26. Ne4 Bxe4 27. dxe4 d5 28. Rbd1 d4 29. Bd2 Bh4 30. Rf1 Qf7 31. g3 Bg5 32. Bxg5 Rxg5 33. f4 Rg6 34. fxe5 Qe6 35. Rf5 Rh6 36. Qg4 Rg6 37. Qf4 c4 38. Rxd4 cxb3 39. axb3 Qe7 40. Qd2 Re6 41. Rd7 Qe8 42. Qd4 g6 43. Rff7 Qxf7 44. Rxf7 Kxf7 45. Qd7+ Re7 46. e6+ Kf8 47. Qd4 Kg8 48. Qd6 Rae8 49. Qxc6 Rxe6 50. Qd5 Kg7 51. h4 Rxe4 52. c4 R8e6 53. b4 R4e5 54. Qb7+ Kh6 55. c5 Kh5 56. Kh3 Kh6 57. c6 Rb5 58. Qf7 1-0

[Event "San Francisco TNM Summer op"]
[Site "San Francisco"]
[Date "2015.07.14"]
[Round "8"]
[White "Melville, Cailen Jeremiah"]
[Black "Handler, Andrew Todd"]
[Result "1-0"]
[WhiteElo "1783"]
[BlackElo "1663"]
[PlyCount "93"]
[EventDate "2015.05.26"]
[EventType "swiss"]
[EventRounds "8"]
[EventCountry "USA"]
[SourceTitle "EXT 2016"]
[Source "ChessBase"]
[SourceDate "2015.10.08"]
[SourceVersion "1"]
[SourceVersionDate "2015.10.08"]
[SourceQuality "1"]

1. d4 e6 2. c4 f5 3. g3 Nf6 4. Bg2 Be7 5. Nh3 0-0 6. 0-0 d6 7. Qc2 e5 8. dxe5 dxe5 9. Rd1 Qe8 10. b3 Nc6 11. Bb2 Qh5 12. Qc3 f4 13. gxf4 Bxh3 14. Qxh3 Qxh3 15. Bxh3 exf4 16. Nd2 Rad8 17. Nf3 Ne4 18. Be6+ Kh8 19. Bd5 Ng5 20. Nxg5 Bxg5 21. Bxc6 bxc6 22. Be5 Rxd1+ 23. Rxd1 Re8 24. Bxc7 Rxe2 25. Bxf4 h6 26. Bxg5 hxg5 27. a3 Ra2 28. a4 Rb2 29. Rd3 Kh7 30. Kg2 c5 31. h3 Kg6 32. Kg3 Kh5 33. f3 Rb1 34. Rd5 Rxb3 35. h4 Rb4 36. Rxc5 Rxa4 37. hxg5 Ra1 38. Kf4 Kg6 39. Rc6+ Kh5 40. Kf5 a5 41. Rc7 Kh4 42. Rxg7 Rc1 43. Rh7+ Kg3 44. g6 Kxf3 45. g7 Rg1 46. Kf6 Rg4 47. Rh8 1-0

[Event "San Francisco TNM Summer op"]
[Site "San Francisco"]
[Date "2015.06.30"]
[Round "6"]
[White "Porlares, Teodoro"]
[Black "Handler, Andrew Todd"]
[Result "1/2-1/2"]
[WhiteElo "1878"]
[BlackElo "1663"]
[PlyCount "149"]
[EventDate "2015.05.26"]
[EventType "swiss"]
[EventRounds "8"]
[EventCountry "USA"]
[SourceTitle "EXT 2016"]
[Source "ChessBase"]
[SourceDate "2015.10.08"]
[SourceVersion "1"]
[SourceVersionDate "2015.10.08"]
[SourceQuality "1"]

1. e4 c5 2. Nf3 Nc6 3. c3 d5 4. exd5 Qxd5 5. Be2 Nf6 6. 0-0 Bf5 7. c4 Qd7 8. Nc3 e6 9. Nh4 Bg6 10. f4 Be7 11. Kh1 Nd4 12. Bf3 Nxf3 13. Nxf3 0-0 14. Ne5 Qd8 15. Qf3 Rb8 16. d3 Bd6 17. Nxg6 hxg6 18. b3 Bc7 19. Bb2 a6 20. Ne4 Nxe4 21. dxe4 Qe7 22. Rad1 Rbd8 23. Qc3 f6 24. Qf3 Rxd1 25. Rxd1 Rd8 26. g3 Rxd1+ 27. Qxd1 Qd6 28. Qe2 Kf7 29. Kg2 Ba5 30. Kf3 Ke7 31. h3 Kd7 32. Ke3 Kc6 33. e5 Qd8 34. exf6 gxf6 35. Kf3 f5 36. Qxe6+ Qd6 37. Qxd6+ Kxd6 38. a4 Kc6 39. g4 Be1 40. gxf5 gxf5 41. Bf6 Kd6 42. h4 Ke6 43. Bg5 Bc3 44. h5 Kd6 45. Bh6 Ke7 46. Kg3 Be1+ 47. Kh3 Kf7 48. Bg5 Bf2 49. Bh4 Bd4 50. Kg2 Kg7 51. Bg5 Kf7 52. Kh3 Kg7 53. Kg3 Kf7 54. Kf3 Kg7 55. Ke2 Kf7 56. Kd1 Kg7 57. Ke2 Kf7 58. Kd3 Bf6 59. Bxf6 Kxf6 60. a5 Kg7 61. b4 cxb4 62. c5 Kh6 63. Kc4 Kxh5 64. Kxb4 Kg4 65. c6 bxc6 66. Kc5 Kxf4 67. Kxc6 Ke3 68. Kb6 f4 69. Kxa6 f3 70. Kb7 f2 71. a6 f1Q 72. a7 Qf7+ 73. Kb8 Qe8+ 74. Kb7 Qd7+ 75. Kb8 1/2-1/2

[Event "San Francisco TNM Spring op"]
[Site "San Francisco"]
[Date "2015.04.07"]
[Round "4"]
[White "Walder, Michael S"]
[Black "Handler, Andrew Todd"]
[Result "1-0"]
[WhiteElo "2143"]
[BlackElo "1672"]
[PlyCount "81"]
[EventDate "2015.03.17"]
[EventType "swiss"]
[EventRounds "8"]
[EventCountry "USA"]
[SourceTitle "EXT 2016"]
[Source "ChessBase"]
[SourceDate "2015.10.08"]
[SourceVersion "1"]
[SourceVersionDate "2015.10.08"]
[SourceQuality "1"]

1. e4 c5 2. Nf3 Nc6 3. d4 cxd4 4. Nxd4 g6 5. c4 Nf6 6. Nc3 Bg7 7. Be3 0-0 8. Be2 d6 9. 0-0 Nxd4 10. Bxd4 Bd7 11. Qd2 a6 12. f3 Rb8 13. Rfd1 b5 14. cxb5 Bxb5 15. Nxb5 axb5 16. Qb4 Qe8 17. Rac1 Qd7 18. Rc2 Rfc8 19. Rdc1 Rxc2 20. Rxc2 Qb7 21. a3 e5 22. Bc3 Qb6+ 23. Kh1 Ne8 24. Bd2 h5 25. h3 Nf6 26. Qb3 Qb7 27. Bxb5 Kh7 28. a4 d5 29. exd5 Nxd5 30. Qc4 Nf6 31. Qc7 e4 32. Qxb7 Rxb7 33. Bc6 Re7 34. b4 exf3 35. Bxf3 Ne4 36. Bf4 f5 37. b5 Ra7 38. b6 Rxa4 39. b7 Ra1+ 40. Kh2 Bd4 41. Rc7+ 1-0

[Event "San Francisco TNM Spring op"]
[Site "San Francisco"]
[Date "2015.03.17"]
[Round "1"]
[White "Handler, Andrew Todd"]
[Black "Tokatyan, Shant"]
[Result "1-0"]
[WhiteElo "1672"]
[BlackElo "1109"]
[PlyCount "63"]
[EventDate "2015.03.17"]
[EventType "swiss"]
[EventRounds "8"]
[EventCountry "USA"]
[SourceTitle "EXT 2016"]
[Source "ChessBase"]
[SourceDate "2015.10.08"]
[SourceVersion "1"]
[SourceVersionDate "2015.10.08"]
[SourceQuality "1"]

1. e4 e6 2. d4 d5 3. Be3 Nf6 4. e5 Nfd7 5. c3 c5 6. Nd2 Qb6 7. Rb1 Nc6 8. Ngf3 cxd4 9. cxd4 Qd8 10. Be2 f6 11. exf6 Nxf6 12. Ne5 Bd6 13. f4 Qa5 14. a3 Ne4 15. 0-0 Nxd2 16. Bxd2 Qb6 17. Nxc6 bxc6 18. Bc3 0-0 19. Qd2 e5 20. fxe5 Bxe5 21. Rxf8+ Kxf8 22. Bb4+ Kg8 23. Bc5 Bxh2+ 24. Kxh2 Qc7+ 25. Kg1 Qg3 26. Bd3 Bh3 27. Rf1 Bxg2 28. Bxh7+ Kh8 29. Qxg2 Qxg2+ 30. Kxg2 Kxh7 31. Rf8 Rxf8 32. Bxf8 1-0

[Event "San Francisco TNM Winter op"]
[Site "San Francisco"]
[Date "2015.01.20"]
[Round "3"]
[White "Handler, Andrew Todd"]
[Black "Henriques, Keith"]
[Result "1-0"]
[WhiteElo "1672"]
[BlackElo "145"]
[PlyCount "81"]
[EventDate "2015.01.06"]
[EventType "swiss"]
[EventRounds "8"]
[EventCountry "USA"]
[SourceTitle "EXT 2016"]
[Source "ChessBase"]
[SourceDate "2015.10.08"]
[SourceVersion "1"]
[SourceVersionDate "2015.10.08"]
[SourceQuality "1"]

1. e4 d6 2. d4 Nc6 3. Be3 h6 4. Nf3 Nf6 5. Nc3 e6 6. a3 Be7 7. Bd3 0-0 8. h3 e5 9. d5 Nb8 10. Qe2 a6 11. 0-0 c6 12. Bc4 Bd7 13. Rad1 Qc7 14. Rd2 b5 15. Bb3 a5 16. dxc6 Nxc6 17. Nxb5 Qc8 18. Nxd6 Qc7 19. Nb5 Qb8 20. Nc3 Be8 21. Rfd1 Qc7 22. Nd5 Qb7 23. Nxf6+ Bxf6 24. Bc5 Qa6 25. Qxa6 Rxa6 26. Bxf8 Kxf8 27. Bd5 Rb6 28. c3 g5 29. b4 axb4 30. axb4 Ne7 31. Ba2 Ra6 32. c4 Rb6 33. b5 Rb7 34. Rb2 Rd7 35. Rxd7 Bxd7 36. c5 Nc8 37. c6 Bxc6 38. bxc6 Bd8 39. Rb8 Nd6 40. c7 Nc8 41. cxd8Q+ 1-0

[Event "San Francisco TNM Winter op"]
[Site "San Francisco"]
[Date "2015.01.13"]
[Round "2"]
[White "Handler, Andrew Todd"]
[Black "Stearman, Micah S"]
[Result "1-0"]
[WhiteElo "1672"]
[BlackElo "935"]
[PlyCount "53"]
[EventDate "2015.01.06"]
[EventType "swiss"]
[EventRounds "8"]
[EventCountry "USA"]
[SourceTitle "EXT 2016"]
[Source "ChessBase"]
[SourceDate "2015.10.08"]
[SourceVersion "1"]
[SourceVersionDate "2015.10.08"]
[SourceQuality "1"]

1. e4 c5 2. Nc3 Nc6 3. f4 g6 4. Nf3 Bg7 5. Bb5 e6 6. Bxc6 bxc6 7. d3 Ne7 8. 0-0 0-0 9. Qe1 Bb7 10. Qh4 d5 11. e5 d4 12. Ne4 Qd7 13. Nf6+ Bxf6 14. Qxf6 Nd5 15. Qh4 Ne3 16. Bxe3 dxe3 17. Rfe1 Qd5 18. Rxe3 c4 19. Ng5 h5 20. Ne4 Qd4 21. Rae1 cxd3 22. cxd3 Qxb2 23. Nf6+ Kg7 24. Nxh5+ gxh5 25. Rg3+ Kh6 26. Qf6+ Kh7 27. Qg7# 1-0

[Event "San Francisco TNM Winter op"]
[Site "San Francisco"]
[Date "2015.01.06"]
[Round "1"]
[White "Shaw, Tenzing W"]
[Black "Handler, Andrew Todd"]
[Result "1-0"]
[WhiteElo "2255"]
[BlackElo "1672"]
[PlyCount "31"]
[EventDate "2015.01.06"]
[EventType "swiss"]
[EventRounds "8"]
[EventCountry "USA"]
[SourceTitle "EXT 2016"]
[Source "ChessBase"]
[SourceDate "2015.10.08"]
[SourceVersion "1"]
[SourceVersionDate "2015.10.08"]
[SourceQuality "1"]

1. e4 c5 2. Nf3 Nc6 3. c3 d5 4. exd5 Qxd5 5. d4 Bg4 6. Be2 e6 7. 0-0 Nf6 8. Be3 cxd4 9. cxd4 Be7 10. Nc3 Qd8 11. Qb3 Rb8 12. Rfd1 0-0 13. h3 Bh5 14. d5 exd5 15. Nxd5 Nxd5 16. Rxd5 1-0

[Event "San Francisco TNM Fall op"]
[Site "San Francisco"]
[Date "2014.12.16"]
[Round "8"]
[White "Handler, Andrew Todd"]
[Black "Newey, Richard H"]
[Result "0-1"]
[WhiteElo "1652"]
[BlackElo "1747"]
[PlyCount "46"]
[EventDate "2014.10.21"]
[EventType "swiss"]
[EventRounds "8"]
[EventCountry "USA"]
[SourceTitle "EXT 2016"]
[Source "ChessBase"]
[SourceDate "2015.10.08"]
[SourceVersion "1"]
[SourceVersionDate "2015.10.08"]
[SourceQuality "1"]

1. e4 c5 2. Nc3 d6 3. f4 g6 4. Nf3 Bg7 5. Bc4 Nf6 6. d3 Nc6 7. 0-0 a6 8. a4 0-0 9. Qe1 Na5 10. Ba2 Be6 11. Bxe6 fxe6 12. Kh1 Nc6 13. Bd2 Rc8 14. Qh4 Nh5 15. Ng5 Bf6 16. g4 Bxg5 17. Qxg5 Nf6 18. f5 Ne5 19. fxg6 hxg6 20. h3 Rf7 21. Ne2 Qf8 22. Nf4 Nh7 23. Nxg6 Rxf1+ 0-1

[Event "San Francisco TNM Jay Whitehead op"]
[Site "San Francisco"]
[Date "2014.09.09"]
[Round "6"]
[White "Handler, Andrew Todd"]
[Black "Chinguun, Bayaraa"]
[Result "1/2-1/2"]
[WhiteElo "1652"]
[BlackElo "1857"]
[PlyCount "120"]
[EventDate "2014.08.05"]
[EventType "swiss"]
[EventRounds "9"]
[EventCountry "USA"]
[SourceTitle "EXT 2016"]
[Source "ChessBase"]
[SourceDate "2015.10.08"]
[SourceVersion "1"]
[SourceVersionDate "2015.10.08"]
[SourceQuality "1"]

1. e4 c5 2. Nc3 d6 3. f4 Nc6 4. Nf3 g6 5. Bb5 a6 6. Bxc6+ bxc6 7. d3 Bg7 8. 0-0 e6 9. Qe1 Ne7 10. Kh1 a5 11. Bd2 0-0 12. f5 exf5 13. Qh4 f6 14. Bh6 Ra7 15. Bxg7 Kxg7 16. exf5 Nxf5 17. Qf2 Re7 18. Ne4 Ref7 19. Rae1 Ba6 20. c4 Bc8 21. Re2 Nh6 22. h3 Nf5 23. g4 Ne7 24. Qh4 Ng8 25. Ref2 h6 26. Qg3 d5 27. Nxc5 Qe7 28. d4 dxc4 29. Re1 Qd8 30. Rfe2 Qd5 31. Kh2 Kh7 32. Qf4 h5 33. gxh5 Qxh5 34. Qh4 Qxh4 35. Nxh4 Nh6 36. Re7 g5 37. Nf3 Bf5 38. Rxf7+ Rxf7 39. Kg3 Rg7 40. Nd2 Bd3 41. Kf2 Nf5 42. Nf3 Kg6 43. Nxd3 cxd3 44. Rd1 Rd7 45. Rxd3 c5 46. d5 Ne7 47. d6 Nf5 48. Rd5 Rxd6 49. Rxc5 a4 50. Ra5 Rb6 51. Rxa4 Rxb2+ 52. Kf1 Ng3+ 53. Ke1 Ne2 54. h4 Nc3 55. Rc4 Nxa2 56. hxg5 fxg5 57. Nd2 Kh5 58. Ke2 Nb4 59. Ke3 Nd5+ 60. Kd3 Nf4+ 1/2-1/2

[Event "San Francisco TNM Jay Whitehead op"]
[Site "San Francisco"]
[Date "2014.08.05"]
[Round "1"]
[White "Handler, Andrew Todd"]
[Black "Vickers, Keith"]
[Result "0-1"]
[WhiteElo "1652"]
[BlackElo "2200"]
[PlyCount "72"]
[EventDate "2014.08.05"]
[EventType "swiss"]
[EventRounds "9"]
[EventCountry "USA"]
[SourceTitle "EXT 2016"]
[Source "ChessBase"]
[SourceDate "2015.10.08"]
[SourceVersion "1"]
[SourceVersionDate "2015.10.08"]
[SourceQuality "1"]

1. e4 d5 2. exd5 Qxd5 3. Nc3 Qa5 4. d4 Nf6 5. Nf3 c6 6. Bc4 Bf5 7. Bd2 e6 8. 0-0 Qc7 9. Re1 Be7 10. Ne5 Nbd7 11. h3 0-0 12. Bf4 Nxe5 13. Bxe5 Qd7 14. Qe2 a5 15. Rad1 Qd8 16. Bd3 Bg6 17. Bxg6 hxg6 18. Ne4 Nxe4 19. Qxe4 Qd5 20. b3 Qxe4 21. Rxe4 a4 22. c4 axb3 23. axb3 Rfd8 24. Re3 Rd7 25. Red3 Rad8 26. Kf1 f6 27. Bg3 e5 28. d5 cxd5 29. Rxd5 Rxd5 30. Rxd5 Rxd5 31. cxd5 Kf7 32. Ke2 Bd6 33. Kd3 b5 34. f3 e4+ 35. Kxe4 Bxg3 36. Kd4 Bd6 0-1

[Event "San Francisco TNM Summer op"]
[Site "San Francisco"]
[Date "2014.06.17"]
[Round "4"]
[White "Royzen, Igor"]
[Black "Handler, Andrew Todd"]
[Result "1-0"]
[WhiteElo "1855"]
[BlackElo "1636"]
[PlyCount "77"]
[EventDate "2014.05.27"]
[EventType "swiss"]
[EventRounds "8"]
[EventCountry "USA"]
[SourceTitle "EXT 2016"]
[Source "ChessBase"]
[SourceDate "2015.10.08"]
[SourceVersion "1"]
[SourceVersionDate "2015.10.08"]
[SourceQuality "1"]

1. d4 e6 2. Bf4 f5 3. e3 Nf6 4. Nf3 Be7 5. h3 0-0 6. Nbd2 b6 7. c3 Bb7 8. Bc4 d5 9. Bd3 Ne4 10. Qe2 Nd7 11. 0-0-0 c5 12. g4 c4 13. Bc2 b5 14. gxf5 exf5 15. Ne5 b4 16. cxb4 Bxb4 17. Nxe4 fxe4 18. Rhg1 Nxe5 19. Bxe5 Rf7 20. Rg2 Bf8 21. Qh5 Bc6 22. Rdg1 Qe7 23. f4 Bd7 24. Rg5 Rc8 25. f5 Rc6 26. Ba4 Rcf6 27. Bxd7 Qxd7 28. Bxf6 Rxf6 29. Qg4 c3 30. b3 Qe7 31. Rg2 a5 32. Qf4 a4 33. Qb8 Kf7 34. Qb5 axb3 35. Qxd5+ Ke8 36. Qxb3 Qc7 37. Qb5+ Kf7 38. Qd5+ Ke8 39. Qxe4+ 1-0

[Event "San Francisco TNM Summer op"]
[Site "San Francisco"]
[Date "2014.06.03"]
[Round "2"]
[White "Olson, David L"]
[Black "Handler, Andrew Todd"]
[Result "0-1"]
[WhiteElo "1406"]
[BlackElo "1636"]
[PlyCount "48"]
[EventDate "2014.05.27"]
[EventType "swiss"]
[EventRounds "8"]
[EventCountry "USA"]
[SourceTitle "EXT 2016"]
[Source "ChessBase"]
[SourceDate "2015.10.08"]
[SourceVersion "1"]
[SourceVersionDate "2015.10.08"]
[SourceQuality "1"]

1. Nf3 e6 2. c4 f5 3. g3 Nf6 4. Bg2 Be7 5. 0-0 0-0 6. d4 d6 7. Nc3 Nc6 8. d5 exd5 9. Nxd5 Kh8 10. Bg5 Bd7 11. Nxe7 Qxe7 12. a3 Rad8 13. b4 b6 14. Qc2 h6 15. Bd2 Ne4 16. Nh4 Rf6 17. e3 Nxd2 18. Qxd2 g5 19. Nf3 Ne5 20. Nd4 c5 21. bxc5 dxc5 22. Nf3 Bc6 23. Qe2 Bxf3 24. Bxf3 Rd2 0-1

[Event "San Francisco TNM Summer op"]
[Site "San Francisco"]
[Date "2014.05.27"]
[Round "1"]
[White "Handler, Andrew Todd"]
[Black "Winslow, Elliott C"]
[Result "0-1"]
[WhiteElo "1636"]
[BlackElo "2235"]
[PlyCount "114"]
[EventDate "2014.05.27"]
[EventType "swiss"]
[EventRounds "8"]
[EventCountry "USA"]
[SourceTitle "EXT 2016"]
[Source "ChessBase"]
[SourceDate "2015.10.08"]
[SourceVersion "1"]
[SourceVersionDate "2015.10.08"]
[SourceQuality "1"]

1. e4 c5 2. Nc3 d6 3. f4 g6 4. Nf3 Bg7 5. Bc4 Nc6 6. d3 e6 7. 0-0 Nge7 8. Qe1 h6 9. Bd2 a6 10. a4 Nd4 11. Nxd4 cxd4 12. Ne2 d5 13. exd5 exd5 14. Bb3 0-0 15. Qh4 Nf5 16. Qxd8 Rxd8 17. Ng3 Ne3 18. Rfe1 h5 19. Nf1 Be6 20. Rab1 Nf5 21. Ng3 Ne7 22. Rf1 h4 23. Nh1 Nf5 24. Nf2 Rac8 25. Ng4 Rc6 26. Ne5 Rcc8 27. Rfe1 Re8 28. Nf3 Bf6 29. Ne5 b6 30. Ng4 Bg7 31. Ne5 a5 32. Re2 Ne7 33. Rbe1 Bf6 34. Kf2 Kg7 35. Kf3 Red8 36. Ng4 Bxg4+ 37. Kxg4 Nf5 38. Kf3 Kf8 39. Kg4 Nd6 40. Bxd5 Rxc2 41. b3 Rc5 42. Bc4 Kg7 43. b4 Rcc8 44. Bb3 axb4 45. Bxb4 Nf5 46. Bd2 Rc5 47. Kf3 Rc3 48. Bc4 Ra3 49. Bb5 Nd6 50. Rb1 Nxb5 51. axb5 Rxd3+ 52. Kf2 Ra3 53. g3 hxg3+ 54. hxg3 d3 55. Ree1 Ra2 56. Red1 Bc3 57. Ke1 Re8+ 0-1